Histología y biología celular / (Registro nro. 63738)
[ vista simple ]
| 000 -LEADER | |
|---|---|
| fixed length control field | 01447cam a2200337 i 4500 |
| 001 - CONTROL NUMBER | |
| control field | 63738 |
| 003 - CONTROL NUMBER IDENTIFIER | |
| control field | Mx-PuUPA |
| 005 - DATE AND TIME OF LATEST TRANSACTION | |
| control field | 20191119095651.0 |
| 008 - FIXED-LENGTH DATA ELEMENTS--GENERAL INFORMATION | |
| fixed length control field | 151124s2013 mx a fr 001 0 spa d |
| 020 ## - INTERNATIONAL STANDARD BOOK NUMBER | |
| International Standard Book Number | 9786071508614 |
| 040 ## - CATALOGING SOURCE | |
| Original cataloging agency | Mx-PuUPA |
| Language of cataloging | spa |
| Transcribing agency | Mx-PuUPA |
| Modifying agency | Mx-PuUPA |
| Description conventions | rda |
| 041 0# - LANGUAGE CODE | |
| Language code of text/sound track or separate title | spa |
| 245 00 - TITLE STATEMENT | |
| Title | Histología y biología celular / |
| Statement of responsibility, etc. | Teresa I. Fortoul van der Goes [editora] ; colaboradores, Sandra Acevedo Nava, Patricia Alonso Viveros, María del Carmen Ávila Casado [y otros 31] |
| 250 ## - EDITION STATEMENT | |
| Edition statement | Segunda edición |
| 264 31 - PRODUCTION, PUBLICATION, DISTRIBUTION, MANUFACTURE, AND COPYRIGHT NOTICE | |
| Place of production, publication, distribution, manufacture | México : |
| Name of producer, publisher, distributor, manufacturer | McGraw-Hill Interamericana, |
| Date of production, publication, distribution, manufacture, or copyright notice | ©2013 |
| 300 ## - PHYSICAL DESCRIPTION | |
| Extent | xv, 359 páginas : |
| Other physical details | ilustraciones ; |
| Dimensions | 28 cm. |
| 336 ## - CONTENT TYPE | |
| Content type term | texto |
| Fuente | rdacontent |
| Content type code | txt |
| 337 ## - MEDIA TYPE | |
| Media type term | sin mediación |
| Source | rdamedia |
| Media type code | n |
| 338 ## - CARRIER TYPE | |
| Carrier type term | volumen |
| Source | rdacarrier |
| Carrier type code | nc |
| 650 14 - SUBJECT ADDED ENTRY--TOPICAL TERM | |
| Topical term or geographic name entry element | Citología |
| Form subdivision | Libros de texto |
| 650 14 - SUBJECT ADDED ENTRY--TOPICAL TERM | |
| Topical term or geographic name entry element | Histología |
| Form subdivision | Libros de texto |
| 650 14 - SUBJECT ADDED ENTRY--TOPICAL TERM | |
| Topical term or geographic name entry element | Biología celular |
| Form subdivision | Libros de texto |
| 700 1# - ADDED ENTRY--PERSONAL NAME | |
| 9 (RLIN) | 1323 |
| Personal name | Fortoul van der Goes, Teresa, |
| Relator term | editor |
| -- | colaborador |
| 700 1# - ADDED ENTRY--PERSONAL NAME | |
| Personal name | Acevedo Nava, Sandra, |
| Relator term | colaborador |
| 700 1# - ADDED ENTRY--PERSONAL NAME | |
| Personal name | Alonso Viveros, Patricia, |
| Relator term | colaborador |
| 700 1# - ADDED ENTRY--PERSONAL NAME | |
| Personal name | Ávila Casado, María del Carmen, |
| Relator term | colaborador |
| 775 ## - OTHER EDITION ENTRY | |
| Relationship information | También disponible como (tercera edición) |
| Title | Histología y biología celular. |
| Edition | Tercera edición |
| Place, publisher, and date of publication | México : McGraw-Hill Interamericana, 2017. |
| Record control number | (Mx-PuUPA) 68444 |
| International Standard Book Number | 9786071514080 |
| 942 ## - ADDED ENTRY ELEMENTS (KOHA) | |
| Source of classification or shelving scheme | Dewey Decimal Classification |
| Koha item type | Libro |
| Classification part | 611.018 |
| Item part | H671 |
| Withdrawn status | Lost status | Source of classification or shelving scheme | Damaged status | Not for loan | Collection code | Home library | Current library | Shelving location | Date acquired | Source of acquisition | Total Checkouts | Total Renewals | Full call number | Barcode | Date last seen | Date last checked out | Price effective from | Koha item type |
|---|---|---|---|---|---|---|---|---|---|---|---|---|---|---|---|---|---|---|
| Dewey Decimal Classification | General | Biblioteca Karol Wojtyla | Biblioteca Karol Wojtyla | Sala general | 24/11/2015 | Compra | 45 | 7 | 611.018 H671 2013 | 94696 | 05/03/2026 | 19/02/2026 | 24/11/2015 | Libro |